00906nam a2200241Ia 4500003000400000005001700004008004100021020002900062040001700091082002300108100002300131245007700154260002700231300001500258500007800273650001300351650001600364700002500380942000900405952011700414952011800531999001500649IIN20240202113822.0231217s9999 xx 000 0 und d cFree booka9788126544806 aIINbEnglish a612 bTOR1 aTortota, Gerard J.1 aAnatomy & Physiology WorkbookcGerard J. Tortota and Bryan H. Derrickson bWileyaNew Delhic2014 axii,226 p. aThis book is a work book (Main books are Accession number = 0053 & 0054 )1 aAnatomy 1 aPhysiology 1 aDerrickson, Bryan H. cBOOK 001040708Purches BookaIINbIINd2023-12-17l0o612 TORp1032r2023-12-17 21:32:30w2023-12-17yBOOK 001040708Purches BookaIINbIINd2023-12-17l0o612 TORp1033r2023-12-17 21:32:30w2023-12-17yBOOK c1038d1038